000 00601nam a2200193 a 4500
005 20210219151150.0
008 991125s1994 mx 000 0 spa u
020 _a9684962711
035 _aUPN01000028669
049 _aCG
050 4 _aS613 K7.58
100 1 _aKroeber, Clifton B.
245 1 3 _aEl hombre, la tierra y el agua :
_blas políticas en torno a la irrigación en la agricultura de México, 1885-1911 /
_cClifton B. Kroeber ; tr. Adrian Sandoval
260 _aMéxico :
_bCIESAS$bIMTA,
_c1994
300 _a332 p
650 4 _aRIEGO-
_zMEXICO
904 _aAC
_b028670
905 _aLibro
999 _c28669
_d28669